LEADER 01681nam 2200397 a 450 001 9910694508703321 005 20051003151814.0 035 $a(CKB)5470000002363607 035 $a(OCoLC)61763616 035 $a(EXLCZ)995470000002363607 100 $a20051003d2005 ua 0 101 0 $aeng 135 $aurmn|---||||| 181 $ctxt$2rdacontent 182 $cc$2rdamedia 183 $acr$2rdacarrier 200 10$aBorder security$b[electronic resource] $eopportunities to increase coordination of air and marine assets : report to the Chairman, Subcommittee on National Security, Emerging Threats, and International Relations, Committee on Government Reform, House of Representatives 210 1$a[Washington, D.C.] :$cU.S. Government Accountability Office,$d[2005] 215 $aii pages, 30 unnumbered pages $cdigital, PDF file 300 $aTitle from title screen (viewed on Sept. 26, 2005). 300 $a"August 2005." 300 $aPaper version available from: U.S. Government Accountability Office, 441 G St., NW, Rm. LM, Washington, D.C. 20548. 300 $a"GAO-05-543." 320 $aIncludes bibliographical references. 517 $aBorder security 606 $aNational security$zUnited States$xEvaluation 606 $aBorder patrols$zUnited States 615 0$aNational security$xEvaluation. 615 0$aBorder patrols 712 02$aUnited States.$bCongress.$bHouse.$bCommittee on Government Reform.$bSubcommittee on National Security, Emerging Threats, and International Relations. 801 0$bGPO 801 1$bGPO 906 $aBOOK 912 $a9910694508703321 996 $aBorder security$93423087 997 $aUNINA